Central Library OPAC University of Rajshahi

Earth and rockfill dam engineering; published under the auspices of the Water Resources Development Training Centre, University of Roorkee, India/ (Record no. 13366)

MARC details
000 -LEADER
fixed length control field 00790nam a22002412 4500
001 - CONTROL NUMBER
control field 13366
003 - CONTROL NUMBER IDENTIFIER
rucl marc code BD-RjUL
005 - DATE AND TIME OF LATEST TRANSACTION
control field 20211208235437.0
008 - FIXED-LENGTH DATA ELEMENTS--GENERAL INFORMATION
fixed length control field 140201s1962 xxk 001 0 eng d
035 ## - SYSTEM CONTROL NUMBER
System control number (BD-RjUL)13417
040 ## - CATALOGING SOURCE
Original cataloging agency UKM
Transcribing agency UKM
Modifying agency EQO
-- BD-RjUL
Language of cataloging eng
041 ## - LANGUAGE CODE
Language code of text/sound track or separate title eng
082 04 - DEWEY DECIMAL CLASSIFICATION NUMBER
Classification number 627.83
Edition number 18
Author mark and year SOE
100 1# - MAIN ENTRY--PERSONAL NAME
Personal name Sowers, George F.
9 (RLIN) 41653
245 10 - TITLE STATEMENT
Title Earth and rockfill dam engineering; published under the auspices of the Water Resources Development Training Centre, University of Roorkee, India/
260 ## - PUBLICATION, DISTRIBUTION, ETC. (IMPRINT)
Name of publisher, distributor, etc. Asia Publishing House,
Date of publication, distribution, etc. 1962.
Place of publication, distribution, etc. London :
300 ## - PHYSICAL DESCRIPTION
Pagination 283 p. :
Illustrations ill. ;
Size 25 cm.
490 1# - SERIES STATEMENT
Series statement University Publications ;
Volume/sequential designation no. 101
504 ## - BIBLIOGRAPHY, ETC. NOTE
Bibliography, etc Includes index.
830 #0 - SERIES ADDED ENTRY--UNIFORM TITLE
Volume number/sequential designation no. 101
Uniform title University Publications ;
942 ## - ADDED ENTRY ELEMENTS (KOHA)
Source of classification or shelving scheme Dewey Decimal Classification
Koha item type Books
Holdings
Lost status Source of classification or shelving scheme Damaged status Not for loan Collection code Permanent Location Current Location Shelving location Date acquired Source of acquisition Cost, normal purchase price Total Checkouts Full call number Date last seen Copy number Koha item type
  Dewey Decimal Classification   Not For Loan Non-fiction Central Library, University of Rajshahi Central Library, University of Rajshahi Reading Room 10/06/196 Asia Foundation. 0.00   627.83 SOE 1962 01/02/2014 C-1 Books